読売ジャイアンツOB応援歌クイズ野手編 - Statistics

General Stats
  • This quiz has been taken 30 times
  • The average score is 25 of 78
Answer Stats
歌詞 Answer % Correct
飛び立とう高く 絆共にして明日を照らす道広げ 放て君よ今 小笠原道大
75%
嵐を呼べレッツゴーレッツゴー 勝利を呼べレッツゴーレッツゴーアーチをかけろ輝く光浴びて それゆけ(選手名) 原辰徳
71%
チャンスが来たぞジュニア 父親譲りのナイスガイ(選手名)ファイト熱い血流せ 打て打てホームラン 長嶋一茂
68%
走れ走れ 二塁ベースへラララ光より速く ララ青い稲妻 松本匡史
64%
(選手名) 気合の戦士(選手名) さあ立ち上がれ 矢野謙次
61%
楽をしてもクロウクロウ 苦労してもクロウクロウお前が打たなきゃ 明日は雨(選手名) クロマティ
61%
燃えろ(選手名)男なら ここで一発(選手名)カットバセよカットバセよ レフトスタンドへ 中畑清
61%
声の限り力の限り 応援し続けるから気持ちひとつに立ち向かえ 夢叶う時 脇谷亮太
57%
7番の凄いやつ 鋭い打球をスタンドへそれ行けそれ行け それ行け(選手名) 吉村禎章
57%
顔はかわいい(選手名) 打ったボールは一級品打て打てジャンボだ一発(選手名) ライトスタンドへ 駒田徳広
57%
それゆけ弾けるパワー それゆけひらめくセンス右に左に流して ソレソレ(選手名) 岡崎郁
57%
俊足好守に 強肩強打(選手名) レッツゴー 亀井義行
54%
誰も追えぬ右中間 狙いを定めて弾き飛ばせ (選手名) 寺内崇幸
54%
華麗に魅せるその勇姿 ダイヤモンドを駆け巡れ積み重ねた技で 今だ決めろ(選手名) 井端弘和
54%
ボールに乗せた 僕らの希望(選手名)が打ち高く高く 未来描く 田中俊太
54%
レッツゴーファイト王者の道 無敵の強者その手でVをガッチリ掴め 鉄人(選手名) 落合博満
54%
それゆけそれゆけ(選手名) 首位打者めざして(選手名)右に左に(選手名) 頼むぞかっとばせ(選手名) 篠塚和典
54%
勝利を呼び込め ぶつけろみなぎる闘志行くぞ(選手名)打てよ(選手名) 走れ(選手名) 二岡智宏
50%
ヨイヤ秋田名物 ハタハタ(選手名)だヨイヤキタカホイサッサ ソレソレホームラン 石井浩郎
50%
それ守備は華麗な(選手名) それ根性もあるぜそれ燃えろチャンスだぜ ヒットマン(選手名) 川相昌弘
50%
夢を運ぶシャトルが 虹の彼方へ行くぞ(選手名)ビッグな スペースホームラン 元木大介
46%
スピード飛ばせ 快音なびかせ勇往邁進 進め(選手名) 片岡治大
43%
勝負のこの舞台で いざ舞え駆け回れ仲間と己を信じ 泥臭く華麗に 山本泰寛
43%
研ぎ澄まされた その心で(選手名)よ大志を抱き 切り拓け 大田泰示
43%
ぶちかませ(選手名) 気合と気迫の一撃ぶちかませ(選手名) バット一振り根性 大道典嘉
43%
嵐のブロック男だ(選手名) 要塞守る男だ(選手名)男は背中でものを云う ホームランホームラン(選手名) 有田修三
43%
360度の 大歓声期待に応え ゆけ(選手名) 實松一成
39%
百戦錬磨のキャリア ホームを守れ戦照らす光 放て(選手名) 相川亮二
39%
運命はその手に 想いは胸に夢は熱く強く たぎれ(選手名) 鶴岡一成
36%
大空呼んでいる 男なら輝けよ行くぞチャンスだヒットだ 巨人魂 福王昭仁
36%
それ行けそれ行け それ行け(選手名)男だ大地を踏みしめ (選手名)勇ましく 村田真一
36%
鋭いまなざし 大地踏みしめ燃える闘志込めて 放て!決めろ!(選手名)! 石井義人
32%
風を切って走れ 行けよ(選手名)夢の翼広げ 旋風になれ 小坂誠
32%
己の中の太陽 燃やせ燃やせよ(選手名)オーオーオーオー(選手名) 我らの友よ 小関竜也
32%
燃えるハートでナイスリード 煌めくバットでホームランVVロードに輝け それ(選手名)アーチだ 大久保博元
32%
コンコルドのような 鋭いスイングお尻をひと振り (選手名) 淡口憲治
32%
稲妻落とせドームの芝に 戦いは始まった五万の観衆味方につけて それ行け(選手名) 藤田浩雅
29%
ダイヤモンドを駆ける 韋駄天男夢をはこぶランナー 我らの(選手名) 緒方耕一
29%
勝利の夢を乗せ 希望の空に右で左で鋭い打球 飛ばせ(選手名) 金城龍彦
25%
心躍る舞台 夢の大地で輝け鋭いスイング(選手名) 軌跡を描け セペダ
25%
ラララ輝けよ戦士 Mr.(選手名)飛ばせ果てしなく遠く Ohグレイトホームラン キャプラー
25%
爆撃炸裂 センターライン狙え行くぞ(選手名) ピンポイントホームラン 佐々木明義
25%
陽気な空太陽 楽しくやろうぜみんな生きてりゃホラ良いことホラ あるのさきっと グラッデン
25%
ゆけ扇の要だ 砦を守れ勝利をゲットゆけよ ゲットゲット(選手名) 村田善則
25%
スタンス決まれば 打撃の仁王様ピッチャーふるえが止まらない それ行けとどめのホームラン 大森剛
25%
燃えて輝け(選手名) ベースまたいでフィールド照らせランナーにらんだ司令塔 ゲームメーカー(選手名) 中尾孝義
25%
燃えろ(選手名)それ行け 男の運命だ気迫だ闘志だ青春だ それ一気に突撃だ 上田和明
25%
流れ星が流れてゆく 広い広い砂漠の空打てスイングメルヘン ウルルホームラン 斉藤宜之
21%
葉隠男の意地を見せろよ ロケット弾をぶち込め虹のアーチを 一発だ(選手名) 岸川勝也
21%
気がつくまで振り向くまで 口笛吹けダンディー(選手名)得意の技で それホームラン モスビー
21%
(選手名)刺せ(選手名)刺せ 自慢の肩でランナーを堅い闘志でホームを守れ お前に決まりだ正妻は 吉原孝介
21%
頼むぞ左殺し チャンスの女神だ(選手名)明日に虹明日に夢 かけろよまかせたぜ 西岡良洋
21%
赤い砂塵を巻き上げて ヘッドスライディングだ赤い砂塵を巻き上げて 走れ二塁ベースへ 栄村忠広
21%
飛んでけ飛んでけでかい夢 ぶち込めぶち込めホームランレッツゴーレッツゴーレッツゴー(選手名) レッツゴー(選手名) 井上真二
21%
守備に打撃にギア入れて 打てよ走れよ(選手名)シャトルダッシュで かき回せ(選手名) 川中基嗣
18%
若さとガッツで敵を討て 輝くグランド駆け抜けろここまで飛ばせ(選手名) それかっとばせホームラン 堀田一郎
18%
燃え盛るダイヤモンド 疾風のごとく駆け抜けろ(選手名)Go大地を蹴り 勝利を目指せ 高村良嘉
18%
チャンスだチャンスだ ワンチャンスだぜふかせふかせ ターボエンジン コトー
18%
はばたけ若武者未来に 背負えよ若武者巨人を青空に描こうよ まぶしい青春 吉岡佑弐
18%
センターフラグが呼んでいるよ どよめく拍手が待っているよホームベースをかけぬけろ 行けベテラン(選手名) 簑田浩二
18%
嵐を呼ぶ豪快アーチ スタンドめがけてぶち込め熱く燃えろ炎のように 勝利を死守しろ 杉山直樹
18%
豪打見せろ かっとばせ今この瞬間に 決めろ(選手名) 吉川元浩
14%
来たぞチャンスが 一発かませ 頼むぞ打て ホームラン(選手名) 吉永幸一郎
14%
力解き放ち 鋭く振り抜けば女神は君についてる (選手名)オイ! 黒田哲史
14%
空にオーロラ夢のオーロラ ヒット打て撃てヒットマン(選手名)(選手名)ホーム狙う 狙撃手だ 出口雄大
14%
男(選手名)(選手名) 打てよメガトンホームラン熱く燃えろ熱く燃えろ ぶち込めホームラン 広沢克己
14%
うなる豪打パワフルヒッター 狙え打てよどでかいホームラン(選手名)行けよ見せろアーチを スタンドで待つ我らに 福井敬治
14%
どこかで風が吹く いつか竜巻にする君は男だ男の中の 男なんだ(選手名) 白幡隆宗
14%
火を噴く弾丸ライナー 勝利を呼び込む一撃見せろよ気合で振り抜け 我らの(選手名) 後藤孝志
14%
灼けつくベースに 命賭ける男よ(選手名)とどめだ それ蜂の一刺し 山倉和博
14%
男の中の男 灼けつくベースまかせたぞ大きくかまえてゆけよ (選手名) 佐野元国
14%
鳥よ翔べ火の鳥よ 華麗に舞いあがれよ焼きつくせよ焼きつくせよ 火を噴けホームラン 大野雄次
11%
天気雨フレフレ 逆転だワッショイホームランでお祭りだ お祭りだ(選手名) ブラッドリー
11%
行け砦を守れ フレッシュサインで(選手名)行け巨人の砦 仁王立ちして守れ 高田誠
11%
それゆけ男なら 一発かませ意地を見せろ(選手名) 巨人の魂 笹本信二
11%
奇跡を起こす 男だ君は嵐の中砂漠の中 矢を放て バーフィールド
7%
闘志たぎらせ 見せろフルパワースタンドへぶち込め 行けよ(選手名) 高野忍
4%
男(選手名)よ青空の どでかい心を抱きしめてファイトファイト野球人生 ゆくぞやるぞ 四條稔
0%
No matching quizzes found
Score Distribution
Percent of People with Each Score
Percentile by Number Answered
Your Score History
You have not taken this quiz